| 000 | 01754cam a2200433 i 4500 | ||
|---|---|---|---|
| 999 |
_c41503 _d41503 |
||
| 001 | 17916201 | ||
| 003 | OSt | ||
| 005 | 20220827110904.0 | ||
| 008 | 131024s2012 ii d 000 0 malo | ||
| 010 | _a 2013333723 | ||
| 020 | _a8185499446 | ||
| 025 | _aI-Mal-2013-333723; 01; 07 | ||
| 037 | _aLibrary of Congress -- New Delhi Overseas Office | ||
| 040 |
_aDLC _beng _cDLC _erda _dDLC |
||
| 041 | 0 |
_alat _amal |
|
| 042 |
_alcode _apcc |
||
| 043 | _aa-ii--- | ||
| 050 | 0 | 0 |
_aPL4713 _b.M36 2012 |
| 082 |
_a473.94512 _bMAN/A |
||
| 100 | 1 |
_aManfredi, P. Valentini _eauthor. _99080 |
|
| 245 | 1 | 0 |
_aAmarasiṃhaṃ : _bLattīn-Malayāḷaṃ-Lattīn nighaṇṭu = Dictionarium : Latino-hystorico-mythologico-samscredonico, Malabaricum / _cstudio & opera, P. Valentini Manfredi ; edited by Kesavan Veluthat with the assistance of Antony Palatty. |
| 246 | 3 | 0 | _aLattīn-Malayāḷaṃ-Lattīn nighaṇṭu |
| 246 | 3 | 1 |
_aDictionarium : _bLatino-hystorico-mythologico-samscredonico, Malabaricum |
| 264 | 1 |
_aTiruvanathapuram : _bKerala Council for Historical Research, _c2012. |
|
| 300 |
_axiii, 610 pages ; _c29 cm |
||
| 336 |
_atext _2rdacontent |
||
| 337 |
_aunmediated _2rdamedia |
||
| 338 |
_avolume _2rdacarrier |
||
| 520 | _aLatin-Malayalam-Latin dictionary. | ||
| 546 | _aLatin and Malayalam. | ||
| 650 | 0 |
_aMalayalam language _vDictionaries _xLatin. |
|
| 650 | 0 |
_aLatin language _vDictionaries _xMalayalam. |
|
| 700 | 1 |
_aVeluthat, Kesavan, _d1951- _eeditor. _93112 |
|
| 700 | 1 |
_aPalatty, Antony _99081 |
|
| 710 | 2 |
_aKerala Council for Historical Research _99082 |
|
| 906 |
_a7 _bcbc _corigode _d3 _encip _f20 _gy-gencatlg |
||
| 942 |
_2ddc _cREF _h473.94812 _iMAN/A _k473.94812 _mMAN/A |
||